| 000 | 00731cam a22002412 4500 | ||
|---|---|---|---|
| 001 | 14039 | ||
| 003 | BD-RjUL | ||
| 005 | 20211208235548.0 | ||
| 008 | 140203r19621959nyua 001 0 eng | ||
| 035 | _a(BD-RjUL)14091 | ||
| 040 |
_aDLC _cWSU _dBD-RjUL _beng |
||
| 041 | _aeng | ||
| 082 | 0 | 0 |
_a621.3815 _bZIE 1962 |
| 100 | 1 |
_aZimmermann, Henry J. _943880 |
|
| 245 | 1 | 0 |
_aElectronic circuit theory : _bdevices, models, and circuits / _cHenry J. Zimmermann [and] Samuel J. Mason. |
| 260 |
_aNew York : _bWiley, _cc1959 [Printing 1962]. |
||
| 300 |
_a564 p. : _bill. ; _c24 cm. |
||
| 500 | _aIncludes index. | ||
| 650 | 0 |
_aElectronic circuits. _938587 |
|
| 700 | 1 |
_aMason, Samuel J. _943883 |
|
| 942 |
_2ddc _cBK |
||
| 999 |
_c14039 _d14039 |
||